Diverzifikácia slovenských štátnych dlhopisov

Analýza slovenských štátnych dlhopisov z hľadiska vlastníctva, investorskej základne a doby splatnosti. Okrem metódy analýzy bola použitá aj metóda komparácie rôznych spôsobov financovania štátneho dlhu, vlastníctva štátnych cenných papierov a porovnanie investorov štátnych dlhopisov obchodovaných n...

Descripción completa

Guardado en:
Detalles Bibliográficos
Autor principal: Jánošová, Veronika, 1953-
Formato: Capítulo de libro
Lenguaje:eslovaco
Materias:
Etiquetas: Agregar Etiqueta
Sin Etiquetas, Sea el primero en etiquetar este registro!

MARC

LEADER 00000naa a2200000 4500
001 0199439
005 20240502073357.9
041 0 |a slo 
044 |a SK 
245 1 0 |a Diverzifikácia slovenských štátnych dlhopisov  |c Veronika Jánošová 
520 |a Analýza slovenských štátnych dlhopisov z hľadiska vlastníctva, investorskej základne a doby splatnosti. Okrem metódy analýzy bola použitá aj metóda komparácie rôznych spôsobov financovania štátneho dlhu, vlastníctva štátnych cenných papierov a porovnanie investorov štátnych dlhopisov obchodovaných na zahraničných trhoch. Na základe predchádzajúcich metód bolo dedukované, že ako zmenili spôsoby financovania štátneho dlhu Slovenska. 
610 2 0 |a Slovensko 
610 2 0 |a dlhopisy štátne 
610 2 0 |a papiere cenné 
610 2 0 |a dlhy štátne 
100 1 |a Jánošová, Veronika, 1953-